000 00454nam a2200157Ia 4500
003 OSt
005 20250704103004.0
008 190216s9999||||xx |||||||||||||| ||und||
040 _coclc
082 _a541.38
_bARN/E
100 1 _aArnikar, Hari Jeevan
_94237
245 0 _aEssentials Of Nuclear Chemistry /
_cH J Arnikar
260 _bWiley Eastern Ltd
_c1981
300 _a495 p
942 _cBK
_2ddc
_h541.38
_iARN/E
_k541.38
_mARN/E
999 _c3300
_d3300